00369nam a2200121Ia 4500008004100000245010800041260001700149260000900166300000800175650002300183650001200206856002900218170516s9999 xx 000 0 und d aHSP90 Inhibitor Encapsulated Photo-Theranostic Nanoparticles for Synergistic Combination Cancer Therapy bTheranostics c2016 a6:9 xMedical Technology xMedtech uhttp://www.thno.org/v6i9